| 000 | 00387nam a22001457a 4500 | ||
|---|---|---|---|
| 008 | 230605b xxu||||| |||| 00| 0 eng d | ||
| 020 | _a0852552223 | ||
| 082 |
_a325.21096 _bALL |
||
| 110 | _d1994 | ||
| 245 |
_aWhen Refugees Go Home _cUnited Nation Research Institute for Social Develepment. |
||
| 260 |
_aOxford _bUNRISD _c1994 |
||
| 300 | _a305 p | ||
| 500 | _aPictures | ||
| 942 |
_2ddc _cBK |
||
| 999 |
_c335 _d335 |
||